Countries by Hydrogen Consumption - Statistics

General Stats
  • This quiz has been taken 34 times
  • The average score is 9 of 12
Answer Stats
Megatonnes
H2 Consumed
Country % Correct
23.9 China
100%
11.3 United States
100%
6.4 Russia
97%
7.2 India
88%
1.7 Japan
88%
2.5 Canada
85%
1.65 Germany
82%
1.4 South Korea
59%
3.4 Saudi Arabia
53%
3.6 Iran
50%
1.5 Egypt
44%
1.5 Trinidad & Tobago
6%
No matching quizzes found
Score Distribution
Percent of People with Each Score
Percentile by Number Answered
Your Score History
You have not taken this quiz